00000000nam 2200000za 4500
0019.832846
003CaOODSP
00520221107150059
007cr |||||||||||
008170222t2017    onc     o    f000 0 fre d
020 |a978-0-660-07719-2
040 |aCaOODSP|bfre
043 |an-cn---
0861 |aCW69-14/741-2017F-PDF
24500|aÉvaluation et rapport de situation du COSEPAC sur le Criquet des Îles-de-la-Madeleine, Melanoplus madeleineae, au Canada |h[ressource électronique].
24615|aRapport de situation du COSEPAC sur le Criquet des Îles-de-la-Madeleine, Melanoplus madeleineae, au Canada
260 |aOttawa : |bEnvironnement et Changement climatique Canada, |c2017, c2016.
300 |axi, 49 p. : |bfigures.
500 |aPubl. aussi en anglais sous le titre : COSEWIC assessment and status report on the Magdalen Islands Grasshopper, Melanoplus madeleineae, in Canada.
500 |aTitre de la couv.
500 |a« Préoccupante, 2016. »
500 |a« Le COSEPAC remercie Cory S. Sheffield et Jennifer Heron d’avoir rédigé le rapport de situation sur le criquet des Îles-de-la-Madeleine, Melanoplus madeleineae, au Canada, aux termes d’un marché conclu avec Environnement Canada. La supervision et la révision du rapport ont été assurées par Paul Grant, coprésident du Sous-comité des spécialistes des arthropodes du COSEPAC. »
69207|2gccst|aEspèce menacée
69207|2gccst|aConservation de la nature
69207|2gccst|aInsecte
7001 |aSheffield, Cory Silas,|d1971-
7001 |aGrant, Paul|c(Entomologiste)
7001 |aHeron, Jennifer.
7102 |aComité sur la situation des espèces en péril au Canada.
7101 |aCanada. |bEnvironnement et changement climatique Canada.
7102 |aService canadien de la faune.
77508|tCOSEWIC assessment and status report on the Magdalen Islands Grasshopper, Melanoplus madeleineae, in Canada |w(CaOODSP)9.832844
85640|qPDF|s3.30 Mo|uhttps://publications.gc.ca/collections/collection_2017/eccc/CW69-14-741-2017-fra.pdf